00564nam a2200169 b 4500003000500000005001700005008004100022020002900063040002400092041001400116082001200130100002900142245011800171250001600289260006600305300002300371322820260216122348.0210817s9999 xx e 000 1 AFR d a9781868233410 (softback) aMPLbengc3228erda aAfrikaans aAF RIVE aRivers, Francineeauthor 0aDeurweef met genade /cAuthor: Francine Rivers + ; Cover design: Christian Jaggers + ; Translator: Marinda Ehlers aThird print aKaapstadbStruik Christelike Boekec© 1999c© 2003c© 2004 a414 pages :c21 cm